Glosario internacional de terminos tecnicos relacionados con la vivienda y urbanismo /

সংরক্ষণ করুন:
গ্রন্থ-পঞ্জীর বিবরন
সংস্থা লেখক: International Federation for Housing and Planning
বিন্যাস: গ্রন্থ
ভাষা:Spanish
প্রকাশিত: Madrid : Direccion General de Arquitectura, [195-?]
মালা:Special report (International Federation for Housing and Town Planning) ; no. 2
বিষয়গুলি:
LEADER 01271nam a2200277 a 4500
001 c000022796
003 CARM
005 00000000000000.0
008 981026q19501959sp d f00000 spa d
019 1 |a 9102098  |5 LACONCORD2021 
035 |a (OCoLC)6928564  |5 LACONCORD2021 
040 |a VU  |c VU 
041 0 |a spaengfregerita 
082 0 4 |a 711.03  |2 21 
245 0 0 |a Glosario internacional de terminos tecnicos relacionados con la vivienda y urbanismo /  |c International Federation for Housing and Planning. 
260 |a Madrid :  |b Direccion General de Arquitectura,  |c [195-?] 
300 |a 94 p.;  |c 25 cm. 
490 1 |a Special report / International Federation for Housing and Town Planning ;  |v no. 2 
500 |a In English, French, German, Italian and Spanish. 
650 0 |a Housing  |x Glossaries, vocabularies etc. 
650 0 |a City planning  |x Glossaries, vocabularies, etc. 
710 2 |a International Federation for Housing and Planning. 
830 0 |a Special report (International Federation for Housing and Town Planning) ;  |v no. 2 
852 8 |b CARM  |h A2:AL05C4  |i D03036  |p 0126928  |f BK 
999 f f |i 7fc9e1c8-9575-56b3-a9d3-d481dda99a07  |s 6ab2fbdc-0e63-528a-8bc2-dcf6b616c0fe 
952 f f |p Can circulate  |a CAVAL  |b CAVAL  |c CAVAL  |d CARM 1 Store  |e D03036  |f A2:AL05C4  |h Other scheme  |i book  |m 0126928